The political economy of growth (Record no. 82028)

MARC details
000 -LEADER
fixed length control field 00894nam a2200193 a 4500
008 - FIXED-LENGTH DATA ELEMENTS--GENERAL INFORMATION
fixed length control field 120416s1957 ||||||||||||||||| || u
020 ## - INTERNATIONAL STANDARD BOOK NUMBER
International Standard Book Number 0140214658
050 ## - LIBRARY OF CONGRESS CALL NUMBER
Classification number HD 82 Bar
100 ## - MAIN ENTRY--PERSONAL NAME
Personal name Baran, Paul A
245 14 - TITLE STATEMENT
Title The political economy of growth
260 ## - PUBLICATION, DISTRIBUTION, ETC.
Place of publication, distribution, etc. New York
Name of publisher, distributor, etc. Modern Reader Paperbacks
Date of publication, distribution, etc. 1957
300 ## - PHYSICAL DESCRIPTION
Extent xli, 307p.
350 ## -
-- 0.00
650 ## - SUBJECT ADDED ENTRY--TOPICAL TERM
Topical term or geographic name entry element POLITICAL ECONOMY
650 #0 - SUBJECT ADDED ENTRY--TOPICAL TERM
Topical term or geographic name entry element ECONOMICS
995 ## -
-- ANNEX COLLECTION (Main Library)
-- 0.00
-- 705542
-- CBU-MAIN LIBRARY (Kitwe)
-- 1
-- 0.00
-- HD 82 Bar
-- 1
-- AVAILABLE
-- 003976
-- Annex Low-Usage Collection
995 ## -
-- ANNEX COLLECTION (Main Library)
-- 0.00
-- 705543
-- CBU-MAIN LIBRARY (Kitwe)
-- 2
-- 0.00
-- HD 82 Bar
-- 2
-- AVAILABLE
-- 003977
-- Annex Low-Usage Collection
995 ## -
-- MAIN LIBRARY OPEN ACCESS
-- 0.00
-- 737404
-- CBU-MAIN LIBRARY (Kitwe)
-- 1
-- 0.00
-- HD 82 BAR
-- 3
-- AVAILABLE
-- Nov 1, 2006
-- 52652
-- Main Library Open Access Collection
999 ## -
-- 82028
-- 82028
Holdings
Withdrawn status Lost status Source of classification or shelving scheme Damaged status Not for loan Permanent Location Current Location Shelving location Date acquired Total Checkouts Full call number Barcode Date last seen Copy number Price effective from Koha item type
          CBU-MAIN LIBRARY, KITWE. CBU-MAIN LIBRARY, KITWE.   09/12/2023   HD 82 Bar 003976 09/12/2023 1 09/12/2023 MONOGRAPH
          CBU-MAIN LIBRARY, KITWE. CBU-MAIN LIBRARY, KITWE.   09/12/2023   HD 82 Bar 003977 09/12/2023 2 09/12/2023 MONOGRAPH
          CBU-MAIN LIBRARY, KITWE. CBU-MAIN LIBRARY, KITWE.   09/12/2023   HD 82 Bar 52652 09/12/2023 3 09/12/2023 MONOGRAPH